01421 2200193 4500001002100000005001500021035002000036245010200056100001600158250003100174300003200205260003400237082001100271084001700282020002200299650001700321520086200338500002701200INLIS00000000000008620240502075526 a0010-05240000081 aUsamah bin Zaid :bArwahnya Telah Resah dan Rindu Kepada Allah Subhanahu Wa Ta'ala /cDinar Fajar0 aDinar Fajar acetakan ke-1, edisi revisi avi, 54 hlm :bilus ;c25 cm aBandung :bTitian Ilmu,c2007 a297.63 a297.63 DIN u a978-979-901-293-7 4aSahabat Nabi aKerinduan Usamah untuk bertemu sang Khalik menandakan bahwa ia merupakan sahabat Nabi yang shaleh dan sangat taat beribadah kepada Allah SWT. Anak dari Zaid bin Haritsah yang terkenal sebagai pahlawan perang Mut'ah ini sangat dekat hubungannya dengan Rasulullah. Ia menjadi panglima termuda dalam sejarah Islam. Dalam buku ini dijelaskan bagaimana bibit keberanian telah tertanam sejak kecil sampai ia memenangkan beberapa pertempuran dengan kaum kafirin. Usamah bin Zaid menjadi salah seorang sahabat yang paling disayang Rasulullah karena akhlak dan keberaniannya. Kisah lainnya di-ungkap dalam buku ini adalah tentang kelahiran Usamah, menjadi panglima perang termuda pada Perang yang terjadi di Mekah, Perang Hunan, Perang Thaif, dan Perang Mut'ah. Atas jasa dan keberanian Usamah, rasulullah pun memuliakannya, sampai kisah wafatnya Usamah bin Zaid. aSeri Para Sahabat Nabi